| Поле | Инд. | ПП | Название | Значение |
|---|---|---|---|---|
| Тип записи | a | |||
| Библиографический уровень | m | |||
| 001 | Контрольный номер | 051229c9-1326-4484-a4f3-a023a82e9183 | ||
| 005 | Дата корректировки | 20140226160633.5 | ||
| 008 | Кодируемые данные | 010416 d | ||
| 020 | a | ISBN | 5-7464-0133-0 | |
| c | Цена, тираж | 2.30 | ||
| 040 | a | Служба первич. каталог. | RU-RKP | |
| 040 | a | Служба первич. каталог. | НБ ТвГУ | |
| 041 | a | Код языка текста | rus | |
| 080 | a | Индекс УДК | 808.2:809.43-316.32 | |
| 084 | a | Индекс другой классификации/Индекс ББК | Ш141.12-313 | |
| 090 | x | Авторский знак | З-17 | |
| a | Полочн. индекс | Ш141.12 | ||
| 245 | 00 | a | Заглавие | Заимствования русского языка в историко-функциональном аспекте |
| c | Ответственность | [принимали участие Л. Л. Аюпова и др.] | ||
| 260 | 0_ | a | Место издания | Казань |
| b | Издательство | Изд-во Казан. ун-та | ||
| c | Дата издания | 1991 | ||
| 300 | a | Объем | 190,[1] с. | |
| c | Размеры | 20 см | ||
| 504 | a | Библиография | Библиогр. публ. членов Пробл. группы по изуч. тюркизмов в рус. яз. (Казан. ун-т): с. 186-190. - Алф. указ. слов: с. 180-185. | |
| 650 | a | Основная рубрика | Русский язык | |
| x | Основная подрубрика | Лексикология | ||
| x | Основная подрубрика | Заимствования тюркские | ||
| 650 | a | Основная рубрика | Иностранные слова в русском языке | |
| 653 | a | Ключевые слова | Русский язык | |
| a | Ключевые слова | Лексикология русского языка | ||
| a | Ключевые слова | Заимствования | ||
| a | Ключевые слова | Тюркские заимствования | ||
| a | Ключевые слова | Иностранные слова в русском языке | ||
| 700 | 1_ | a | Другие авторы | Аюпова Людмила Лутфеевна |
| e | Роль лиц | сост. | ||
| 852 | t | Порядковый номер экземпляра | 1 | |
| p | Инвентарный номер | 630176 | ||
| 863 | t | 00040494 | ||
| 954 | a | Дата поступления на обработку | 20021104 | |
| 999 | a | Подразделение 2 | аб. |